000 00463nam a2200157Ia 4500
008 210716s1988 xx 000 0 und d
020 _a0135561507
041 _aeng
082 _a658.8 KOTP
100 _aKotler, Philip.
245 _aMarketing management: analysis planning implementation and control.
_bAnalysis planning implementation and control.
250 _a1
260 _aNew Jersey
_bPrentice Hall
_c1988
300 _axxi,777
650 _aMarketing
999 _c200651
_d200651